Crépuscule Inka (Record no. 10122)

MARC details
000 -CABECERA
campo de control de longitud fija 00905nam a2200265 a 4500
001 - NÚMERO DE CONTROL
campo de control BRL_1310
005 - FECHA Y HORA DE LA ÚLTIMA TRANSACCIÓN
campo de control 20190320211136.0
008 - DATOS DE LONGITUD FIJA--INFORMACIÓN GENERAL
campo de control de longitud fija 060114s1953----fr-ob#####---#000-0#fre-#
041 ## - CÓDIGO DE LENGUA
Código de lengua del texto/banda sonora o título independiente fre
044 ## - CÓDIGO DEL PAÍS DE LA ENTIDAD EDITORA/PRODUCTORA
Código MARC del país fr
050 #4 - SIGNATURA TOPOGRÁFICA DE LA BIBLIOTECA DEL CONGRESO
Número de clasificación F3451.A5
Número de documento/Ítem .F43 1953
100 1# - ENTRADA PRINCIPAL--NOMBRE DE PERSONA
Nombre de persona Febvre, Jean-Louis
9 (RLIN) 26463
245 10 - MENCIÓN DE TÍTULO
Título Crépuscule Inka
Resto del título présente des photographies de Jean-Louis Febvre, Jehan Vellard, Daniel Vilfroy
Mención de responsabilidad, etc. texte de Jean-Louis Febvre ; préface de L. Baudin.
260 ## - PUBLICACIÓN, DISTRIBUCIÓN, ETC.
Lugar de publicación, distribución, etc. París
Nombre del editor, distribuidor, etc. Del Duca
Fecha de publicación, distribución, etc. [1953]
300 ## - DESCRIPCIÓN FÍSICA
Extensión v.
Otras características físicas il. (algunas a color), mapas
Dimensiones 27 cm.
440 #0 - MENCIÓN DE SERIE/PUNTO DE ACCESO ADICIONAL--TÍTULO
Título Mondes et visages
Designación de volumen o secuencia 2
9 (RLIN) 26464
500 ## - NOTA GENERAL
Nota general Estado físico : camisa rota
500 ## - NOTA GENERAL
Nota general Au1535
650 14 - PUNTO DE ACCESO ADICIONAL DE MATERIA--TÉRMINO DE MATERIA
Término de materia o nombre geográfico como elemento de entrada Incas
Subdivisión de forma Obras pictóricas
9 (RLIN) 26465
650 14 - PUNTO DE ACCESO ADICIONAL DE MATERIA--TÉRMINO DE MATERIA
Término de materia o nombre geográfico como elemento de entrada Indígenas de América del Sur
Subdivisión de forma Obras pictóricas
Subdivisión geográfica Andes
9 (RLIN) 26466
651 #4 - PUNTO DE ACCESO ADICIONAL DE MATERIA--NOMBRE GEOGRÁFICO
Nombre geográfico Andes
Subdivisión de forma Obras pictóricas
9 (RLIN) 26467
700 1# - PUNTO DE ACCESO ADICIONAL--NOMBRE DE PERSONA
Nombre de persona Baudin, L.
9 (RLIN) 26468
902 ## - CATALOGADOR
Iniciales GRL
942 ## - ELEMENTOS DE PUNTO DE ACCESO ADICIONAL (KOHA)
Fuente del sistema de clasificación o colocación Library of Congress Classification
Tipo de ítem Koha Libros
Holdings
Estado de retiro Estado de pérdida Estado dañado No para préstamo Localización permanente Ubicación/localización actual Fecha de adquisición Número de inventario Total de préstamos Signatura topográfica completa Código de barras Fecha visto por última vez Precio válido a partir de Tipo de ítem Koha
El ejemplar forma parte de la colección y puede ser consultado según las políticas vigentes.       Biblioteca Centro de Estudios Ruth D. Lechuga Biblioteca Centro de Estudios Ruth D. Lechuga 06/01/2014 Au1535   F3451.A5 .F43 1953 (Au1535) GRL01471 22/03/2019 22/03/2019 Libros